Ambedkar and future of dalits / (Record no. 88332)

MARC details
000 -LEADER
fixed length control field 00576nam a22001817a 4500
005 - DATE AND TIME OF LATEST TRANSACTION
control field 20140908114355.0
010 ## - LCCN (DPL NO)
LC control number ENG-110754
020 ## - INTERNATIONAL STANDARD BOOK NUMBER
International Standard Book Number 9788183875035
Terms of availability 1150.00
035 ## - SYSTEM CONTROL NUMBER
System control number EN-94286
037 ## - SOURCE OF ACQUISITION
Source of stock number/acquisition DBAD/PUB
082 ## - DEWEY DECIMAL CLASSIFICATION NUMBER
Classification number 305.56880954
245 ## - TITLE STATEMENT
Title Ambedkar and future of dalits /
Statement of responsibility, etc edited by Sukant K. Chaudhury
260 ## - PUBLICATION, DISTRIBUTION, ETC. (IMPRINT)
Place of publication, distribution, etc New Delhi
Name of publisher, distributor, etc Serials Publications
Date of publication, distribution, etc 2013
270 ## - ADDRESS
Address 4830/24, Prahlad Street, Ansari Road, Darya Ganj
City New Delhi
Postal code 110002
300 ## - PHYSICAL DESCRIPTION
Extent x,326p.
Dimensions 22cm(Hb)
500 ## - GENERAL NOTE
General note Includes index
942 ## - ADDED ENTRY ELEMENTS (KOHA)
Source of classification or shelving scheme Dewey Decimal Classification
Item type English Books
Classification part 305.56880954
Call number suffix AMB
Holdings
Withdrawn status Lost status Not for loan Collection code Home library Current library Date acquired Source of acquisition Cost, normal purchase price Full call number Barcode Copy number Cost, replacement price Koha item type
    Not For Loan Non-fiction D.B.Act.Division D.B.Act.Division 05/09/2014 DBAD / PUB 1150.00 305.56880954 AMB EN-94286 1 1150.00 English Books

© Delhi Public Library
Hit Counter
free hit counter